Nostalgia de Dios
Guardat en:
| Autor principal: | |
|---|---|
| Format: | Llibre |
| Idioma: | espanyol |
| Publicat: |
Buenos Aires
Carlos Lohlé
1955
|
| Edició: | 14a. ed |
| Matèries: | |
| Etiquetes: |
Afegir etiqueta
Sense etiquetes, Sigues el primer a etiquetar aquest registre!
|
MARC
| LEADER | 00000cam a2200000 a 4500 | ||
|---|---|---|---|
| 001 | UCL4125 | ||
| 003 | CL-VaPUC | ||
| 008 | 031231e19550000AG |||||||||||||||||spa|d | ||
| 082 | 0 | 4 | |a 261.58 |b MEE |2 21 |
| 100 | |a Meer de Walcheren, Pieter van der |e autor |9 573666 | ||
| 245 | 1 | 0 | |a Nostalgia de Dios |
| 250 | |a 14a. ed | ||
| 300 | |a 240 p | ||
| 942 | |c BK | ||
| 945 | |d 20031231 00:00:00 |a rbrito | ||
| 260 | |a Buenos Aires |b Carlos Lohlé |c 1955 | ||
| 650 | 7 | |a LITERATURA HOLANDESA |2 CL-VaPUC |9 365344 | |
| 650 | 0 | |a Literatura religiosa |9 266283 | |
| 650 | 0 | |a Espiritualidad |9 267331 | |
| 583 | |a last modification |c 20150714 02:50:17 |k Rodrigo Vera | ||
| 999 | |c 307068 |d 307066 | ||
| 952 | |0 0 |1 0 |4 0 |6 261_580000000000000_MEE_1955 |7 0 |8 P |9 372550 |a BIBTEO |b BIBTES |c TEO_FTES |d 2019-11-21 |i 2086409 |o 261.58 MEE 1955 |p 2086409 |r 2024-01-18 |w 2019-11-21 |y BK |k ICR | ||
| 952 | |0 0 |1 0 |3 erb |4 0 |6 261_580000000000000_MEE_1955 |7 0 |8 P |9 372551 |a BIBTEO |b BIBTES |c TEO_FTES |e Villagrán Garnham, Jorge |i 5186307 |o 261.58 MEE 1955 |p 5186307 |r 2024-01-18 |w 2019-11-21 |y BK |z Catalogado en:20150728 |k ICR | ||